Архипелаг ГУЛАГ, 1918-1956 : Опыт художественного исследования

Bibliographische Detailangaben
1. Verfasser: Солженицын А. И. Александр Исаевич
Zusammenfassung:"Архипелаг ГУЛАГ" впервые выходит на русском языке в сокращённой версии, сохранившей, однако, непрерывную нить повествования.
Sprache:Russisch
Veröffentlicht: Москва, Просвещение, 2010
Ausgabe:сокращенное издание
Schlagworte:
Format: MixedMaterials Buch
KOHA link:https://koha.lib.tpu.ru/cgi-bin/koha/opac-detail.pl?biblionumber=203143

MARC

LEADER 00000nam0a2200000 4500
001 203143
005 20231101225131.0
010 |a 9785090243636 
035 |a (RuTPU)RU\TPU\book\221360 
090 |a 203143 
100 |a 20111027d2010 em y0rusy50 ca 
101 0 |a rus 
102 |a RU 
105 |a a z 001ab 
200 1 |a Архипелаг ГУЛАГ, 1918-1956 : Опыт художественного исследования  |f А. И. Солженицын 
205 |a сокращенное издание 
210 |a Москва  |c Просвещение  |d 2010 
215 |a 512 с.  |c ил. 
320 |a Термины и понятия: с. 496-501 
320 |a Указатель имен: с. 502-510. 
330 |a "Архипелаг ГУЛАГ" впервые выходит на русском языке в сокращённой версии, сохранившей, однако, непрерывную нить повествования. 
600 1 |a Солженицын  |g Александр Исаевич  |b А. И.  |c русский писатель  |c академик РАН  |f 1918-2008  |2 stltpush  |3 (RuTPU)RU\TPU\pers\1117 
610 1 |a русская литература 
610 1 |a исторические романы 
610 1 |a репрессии 
610 1 |a Гулаг 
610 1 |a история 
610 1 |a проза 
675 |a Р1  |v 3 
700 1 |a Солженицын  |b А. И.  |c русский писатель  |c академик РАН  |f 1918-2008  |g Александр Исаевич  |2 stltpush  |3 (RuTPU)RU\TPU\pers\1117  |9 504 
801 1 |a RU  |b 63413507  |c 20111027 
801 2 |a RU  |b 63413507  |c 20181113  |g RCR 
942 |c BK